Normal view
MARC view
Entry Personal Name
001 - CONTROL NUMBER
- control field: 25478
003 - CONTROL NUMBER IDENTIFIER
- control field:
005 - DATE AND TIME OF LATEST TRANSACTION
- control field: 20250714091115.0
008 - FIXED-LENGTH DATA ELEMENTS
- fixed length control field: 250714|| aca||aabn | a|a d
040 ## - CATALOGING SOURCE
- Original cataloging agency:
- Transcribing agency:
100 ## - HEADING--PERSONAL NAME
- Personal name: Hellweg, Paul
670 ## - SOURCE DATA FOUND
- Source citation: Work cat.: ()13108: Hellweg, Paul., The American heritage student thesaurus /, c2003.